Регионална библиотека "Любен Каравелов" - Русе

Бабините внучки (Запис номер 140394)

MARC детайли
000 -Лидер
Контролно поле с фиксирана дължина nam a22 a 4500
003 - Код на организацията, давaща контролен номер
Контролно поле BLK
005 - Дата и час на последна редакция
Контролно поле 20210205083336.0
008 - Елементи от данни с фиксирана дължина
fixed length control field 180409b bul|||||r ||||||| ||bul||
010 ## - Наследен системен номер
LC control number KNG00146455000
040 ## - Източник на каталожния запис
Идентификатор на билиотеката - собственик на записа BLK
041 ## - Код за език
Код за езика на текст/звукозапис или на отделно заглавие Български
Код за езика КДБФ Български
080 ## - УДК
Текстов определител УДК Българска литература
УДК код - определител по УДК 821.163.2
УДК определител -93-1
УДК - код + определител 821.163.2-93-1
100 1# - Редна дума - Автор
Автор Даскалова, Лиана Георгиева
Авторска отговорност първи автор
R(LIN) 377018
139 ## - Редно поле
Редна дума Даскалова, Лиана Георгиева
Авторски знак Дас - Д 24
245 10 - Сведения за заглавието
Заглавие Бабините внучки
Подзаглавни данни Приказка в стихове
Редно поле (дума) Лиана Георгиева Даскалова; худож. Атанас Василев Пацев.
257 ## - Страна на издаване
Страна на създаване/издаване България
260 ## - Област на издателските данни
Име на издателя, разпространителя и проч. Нар. младеж
Година на издаване 1957
Печатница София : ДПК Д. Благоев
Място на издаване, разпространение и проч. София
300 ## - Физическа характеристика
Страници 20 с.
Илюстрации и др. с цв. ил.
Размери/Мащаб 28 см
380 ## - Жанр
Жанр Детска худож. лит.
490 ## - СЕРИИ (Колекции)
Име на серия Библиотека Дружинка
9 (RLIN) 205574
500 ## - Общи забележки
Забележка 30 000 тир.
653 ## - Ключова дума – ненормативна
Ключова дума литература за деца
653 ## - Ключова дума – ненормативна
Ключова дума детска литература
700 1# - Други автори (авторска отговорност)
Лично име Пацев, Атанас Василев
Автороска отговорност (Описва отношението между автора и произведението) худож.
9 (RLIN) 276211
852 ## - Местоположение
Форматна сигнатура Цб ІІ 18171
856 4# - Електронен адрес и достъп
Електронен формат pdf - файл
856 4# - Електронен адрес и достъп
Електронен формат pdf - файл
999 ## - СИСТЕМНИ КОНТРОЛНИ НОМЕРА
Koha biblionumber 140394
Koha biblioitemnumber 140394
942 ## - АРТИКУЛИ
Вид на библиотечния материал Книги
Скрит в OPAC Не
Периодичен библиозапис Да
944 ## - СЪЗДАВАНЕ И РЕДАКЦИЯ на ЗАПИСА
Създаване/Редакция Създаване
Дата на регистрацията/редакция 18.07.2013
Статус, дата на статуса 18.07.2013 - от С1,Р / 18.07.2013
Служител, извършил регистрацията/редакцията Елица_Владова
944 ## - СЪЗДАВАНЕ И РЕДАКЦИЯ на ЗАПИСА
Създаване/Редакция Редакция
Дата на регистрацията/редакция 18.07.2013
Статус, дата на статуса 18.07.2013 - от С1,Р / 18.07.2013
999 ## - СИСТЕМНИ КОНТРОЛНИ НОМЕРА
Koha biblioitemnumber 140394
Наличности
Код за отписване Код за изгубен артикул Източник на класификационната схема Код за повреда Коз за рестрикции Код за отдаване Артикулен № Име на библиотеката - собственик Име на библиотеката, в която се намира в момента Статус (Текущо местоположение) Дата на вписване в системата Местоположение - отдел Цена в лева Инвентарен номер Систематично азбучна сигнатура Баркод Номер на екземпляра Цена в евро Служебна бележка Служебен тип на артикула
  Не е изгубен Universal Decimal Classification Не е повреден само за читалня ползва се в читалня 230280 Регионална библиотека "Любен Каравелов" Русе Регионална библиотека "Любен Каравелов" Русе Хранилище 1957-01-01 Основен фонд - ползва се само за читалня 0.25 2428/57 Цб ІІ 18171 900000048809 1 0.13 N: стар фонд Дата: 01.01.1957 Книги
Vip Innovations Ltd, Rousse, Bulgaria 2025